Transfer Entropy (Record no. 16676)
[ view plain ]
| 000 -LEADER | |
|---|---|
| fixed length control field | 00647nam a2200121Ia 4500 |
| 008 - FIXED-LENGTH DATA ELEMENTS--GENERAL INFORMATION | |
| fixed length control field | 220615s9999||||xx |||||||||||||| ||und|| |
| 100 ## - MAIN ENTRY--PERSONAL NAME | |
| Personal name | Deniz Gençağa (Ed.) |
| 245 #0 - TITLE STATEMENT | |
| Title | Transfer Entropy |
| 546 ## - LANGUAGE NOTE | |
| Language note | English[eng] |
| 650 ## - SUBJECT ADDED ENTRY--TOPICAL TERM | |
| Topical term or geographic name entry element | statistical signal processing||entropy estimation||nonlinear interactions||data mining||machine learning||information-theoretic quantities||causality||information flow||entropy||correlation||statistical dependency||information-theory||transfer entropy||causal relationships||mutual information||Granger causality||interacting subsystems |
| 856 ## - ELECTRONIC LOCATION AND ACCESS | |
| Uniform Resource Identifier | <a href="https://doi.org/10.3390/books978-3-03842-920-3">https://doi.org/10.3390/books978-3-03842-920-3</a> |
| 942 ## - ADDED ENTRY ELEMENTS (KOHA) | |
| Koha item type | E-Books |
| Withdrawn status | Lost status | Damaged status | Not for loan | Home library | Current library | Date acquired | Total Checkouts | Date last seen | Price effective from | Koha item type |
|---|---|---|---|---|---|---|---|---|---|---|
| Kerala University of Digital Sciences, Innovation and Technology Knowledge Centre | Kerala University of Digital Sciences, Innovation and Technology Knowledge Centre | 15/06/2022 | 15/06/2022 | 15/06/2022 | E-Books |